00436 2200157 4500001002100000008004100021035002000062245005600082100001900138260004100157300002400198020002200222084001400244082000800258990001200266INLIS000000000002905 IND  a0010-0925000252 aCatatan Kecil Tentang Kita #SicintacAtalia Prsetya aAtalia Prsetya aJakartabEsensi Erlangga Groupc2019 a162c(14,5 x 21 cm) a978-602-6847-86-7 a813 ATA c a813 a0755302